000 00361nam a22001577a 4500
003 MPLRDC
005 20220104142538.0
008 210129b ||||| |||| 00| 0 eng d
082 _a294.1 ZJF
100 _a赵九峰编
245 _a阳宅三要
_c
260 _a
_b大南出版社
_c
300 _b
650 _a堪舆--相宅
942 _cBK
_o294.1 ZJF
999 _c31747
_d31737